000 00693nam a2200289Ia 4500
005 20260324143802.0
008 008 260324s9999 xx 000 0 eng d
020 _a9781315831213
037 _aEBOOK
040 _aCRL
040 _beng
040 _cCRL
041 _2eng
041 _aeng
084 _qCRL
100 _aEric Margenau
_91216918
245 0 _aSports Without Pressure
245 2 _bA Guide for Parents and Coaches of Young Athletes
260 _bTaylor and Francis
260 _c1990
365 _a
365 _b98.99
856 _uhttp://www.taylorfrancis.com/books/9781315831213
942 _cEBOOK
999 _c1822732
_d1822732